[Event "Sitges Sunway op 10th"]
[Site "Sitges"]
[Date "2023.12.22"]
[Round "10"]
[White "Jacobson, Aaron"]
[Black "Srija, Seshadri"]
[Result "0-1"]
[WhiteElo "2446"]
[BlackElo "2272"]
[PlyCount "52"]
[EventDate "2023.12.12"]
[EventType "swiss"]
[EventRounds "10"]
[EventCountry "ESP"]
[SourceTitle "CB52_2023"]
[SourceDate "2023.12.27"]
[SourceVersion "1"]
[SourceVersionDate "2023.12.27"]
[SourceQuality "1"]

1. Nf3 d5 2. e3 Nf6 3. c4 e6 4. Nc3 c6 5. b3 Bd6 6. Bb2 0-0 7. Be2 Nbd7 8. Qc2 Qe7 9. d4 b6 10. 0-0 Bb7 11. Rfe1 Rfe8 12. Rad1 Rad8 13. Bf1 e5 14. e4 dxe4 15. Nxe4 Nxe4 16. Qxe4 Nf6 17. Qh4 e4 18. Nd2 Bc8 19. g3 Bf5 20. Bd3 Bb4 21. Re2 Bxd2 22. Rdxd2 Bg4 23. a3 Bxe2 24. Rxe2 exd3 25. Rxe7 d2 26. Rxe8+ Rxe8 0-1

[Event "Sitges Sunway op 10th"]
[Site "Sitges"]
[Date "2023.12.16"]
[Round "5"]
[White "Jacobson, Aaron"]
[Black "Alexiadis, Hristos"]
[Result "1/2-1/2"]
[WhiteElo "2446"]
[BlackElo "2312"]
[PlyCount "44"]
[EventDate "2023.12.12"]
[EventType "swiss"]
[EventRounds "10"]
[EventCountry "ESP"]
[SourceTitle "CB52_2023"]
[SourceDate "2023.12.27"]
[SourceVersion "1"]
[SourceVersionDate "2023.12.27"]
[SourceQuality "1"]

1. c4 Nf6 2. Nc3 g6 3. d4 Bg7 4. e4 d6 5. Nf3 0-0 6. Bd3 Bg4 7. Be2 c5 8. d5 e6 9. 0-0 exd5 10. exd5 Re8 11. h3 Bxf3 12. Bxf3 Nfd7 13. Qc2 Na6 14. Bd2 Nc7 15. a4 Qh4 16. b3 Bd4 17. Rad1 Ne5 18. Be2 f5 19. Qc1 Nf7 20. Bd3 Ne5 21. Be2 Nf7 22. Bd3 Ne5 1/2-1/2

[Event "Sitges Sunway op 10th"]
[Site "Sitges"]
[Date "2023.12.13"]
[Round "2"]
[White "Jacobson, Aaron"]
[Black "Gramb, Marius"]
[Result "1-0"]
[WhiteElo "2446"]
[BlackElo "2203"]
[PlyCount "107"]
[EventDate "2023.12.12"]
[EventType "swiss"]
[EventRounds "10"]
[EventCountry "ESP"]
[SourceTitle "CB52_2023"]
[SourceDate "2023.12.27"]
[SourceVersion "1"]
[SourceVersionDate "2023.12.27"]
[SourceQuality "1"]

1. c4 c5 2. Nf3 Nc6 3. Nc3 g6 4. e3 Nf6 5. d4 cxd4 6. exd4 d5 7. cxd5 Nxd5 8. Qb3 e6 9. Bb5 Bg7 10. 0-0 0-0 11. Bxc6 bxc6 12. Na4 a5 13. Rd1 Ba6 14. Bg5 Qd6 15. Rac1 Bb5 16. Nc5 a4 17. Qc2 a3 18. b3 Rfc8 19. Qd2 Qc7 20. h4 Qa5 21. Qc2 h6 22. Bd2 Qc7 23. Re1 Nf4 24. Qe4 Nd5 25. Ne5 Re8 26. Qf3 Qe7 27. g3 h5 28. Ne4 Ra7 29. Rc5 Qd8 30. Rec1 Rf8 31. Kg2 Qe8 32. Nd6 Qe7 33. Nxb5 cxb5 34. Nc6 Qb7 35. Nxa7 Qxa7 36. Rxb5 Bxd4 37. Rc4 Bb2 38. Rbc5 Qb8 39. Kh2 Kg7 40. Bf4 Qa8 41. Qe4 Nxf4 42. Qxa8 Rxa8 43. Rxf4 Ra7 44. b4 e5 45. Rf3 Bd4 46. Rc2 Rb7 47. Rb3 Rb5 48. Kg2 Kf6 49. Rc4 Bb2 50. Rc5 Rb7 51. Rc6+ Ke7 52. b5 e4 53. Rc4 f5 54. Rc6 1-0

[Event "New York Marshall Labor Day GM"]
[Site "New York"]
[Date "2023.09.03"]
[Round "6"]
[White "Jacobson, Aaron"]
[Black "Hardaway, Brewington"]
[Result "1-0"]
[WhiteElo "2343"]
[BlackElo "2378"]
[PlyCount "145"]
[EventDate "2023.08.31"]
[EventType "tourn"]
[EventRounds "9"]
[EventCountry "USA"]
[EventCategory "6"]
[SourceTitle "EXT 2024"]
[Source "ChessBase"]
[SourceDate "2023.10.10"]
[SourceVersion "1"]
[SourceVersionDate "2023.10.10"]
[SourceQuality "1"]

1. c4 e6 2. Nf3 d5 3. e3 Nf6 4. Nc3 c6 5. b3 Bd6 6. Bb2 0-0 7. h3 e5 8. cxd5 cxd5 9. Nb5 Nc6 10. Nxd6 Qxd6 11. Bb5 Re8 12. 0-0 a6 13. Bxc6 bxc6 14. Qc2 Nd7 15. Rfc1 Bb7 16. Qf5 f6 17. Qg4 Rac8 18. d4 e4 19. Nh4 Qe6 20. Nf5 g6 21. Ng3 Qxg4 22. hxg4 Kf7 23. Rc3 Ke6 24. Ba3 Ra8 25. f3 Kf7 26. Kf2 a5 27. Ne2 a4 28. Rb1 exf3 29. gxf3 axb3 30. Rbxb3 Ra7 31. Bc5 Nxc5 32. dxc5 Re7 33. Ra3 Ba6 34. Nd4 Bb5 35. Kg3 Rxa3 36. Rxa3 Bc4 37. Nxc6 Rc7 38. Nd4 Rxc5 39. Ra7+ Kg8 40. a4 Rc8 41. a5 Re8 42. Kf2 h5 43. gxh5 gxh5 44. Rb7 h4 45. Nc6 h3 46. Rb8 Kf7 47. Rxe8 Kxe8 48. Kg3 Kd7 49. Nb4 Be2 50. f4 h2 51. Kxh2 Bf3 52. Nc2 Kc7 53. Kg3 Be4 54. Nb4 Kd6 55. a6 Kc5 56. a7 d4 57. Nd3+ Kc4 58. Nf2 Bb7 59. exd4 Kxd4 60. Ng4 Kc5 61. Nxf6 Kb6 62. f5 Kxa7 63. Nd7 Bd5 64. Kf4 Kb7 65. Ke5 Ba2 66. Kd6 Kc8 67. Ke7 Bb1 68. f6 Bg6 69. Ne5 Bh5 70. Nd3 Be2 71. f7 Bxd3 72. f8Q+ Kc7 73. Qd8+ 1-0

[Event "New York Marshall Labor Day GM"]
[Site "New York"]
[Date "2023.09.02"]
[Round "5"]
[White "Paragua, Mark"]
[Black "Jacobson, Aaron"]
[Result "1/2-1/2"]
[WhiteElo "2433"]
[BlackElo "2343"]
[PlyCount "81"]
[EventDate "2023.08.31"]
[EventType "tourn"]
[EventRounds "9"]
[EventCountry "USA"]
[EventCategory "6"]
[SourceTitle "EXT 2024"]
[Source "ChessBase"]
[SourceDate "2023.10.10"]
[SourceVersion "1"]
[SourceVersionDate "2023.10.10"]
[SourceQuality "1"]

1. d4 e6 2. c4 Nf6 3. g3 d5 4. Bg2 Be7 5. Nf3 0-0 6. 0-0 dxc4 7. Qc2 b5 8. a4 b4 9. Nfd2 Nd5 10. Nxc4 c5 11. dxc5 Bxc5 12. e4 Nb6 13. Rd1 N8d7 14. Nxb6 axb6 15. Nd2 Ba6 16. Nb3 Be7 17. Bf4 Rc8 18. Qd2 Nc5 19. Nxc5 bxc5 20. Qe3 Qa5 21. Bd6 Bxd6 22. Rxd6 Bb7 23. b3 Rfd8 24. Rxd8+ Rxd8 25. Rc1 Rd4 26. Bf1 h6 27. Rc4 Rd1 28. Rxc5 Qa6 29. Rb5 Qa8 30. Qe2 Rb1 31. Qd3 Bxe4 32. Qd6 Kh7 33. Rxb4 f5 34. Rd4 Bd5 35. h4 Qc8 36. h5 Qc1 37. Qa6 Rxb3 38. Rxd5 exd5 39. Qg6+ Kh8 40. Qe8+ Kh7 41. Qg6+ 1/2-1/2

[Event "Barcelona Sants op 24th"]
[Site "Barcelona"]
[Date "2023.08.20"]
[Round "3"]
[White "Alekseenko, Kirill"]
[Black "Jacobson, Aaron"]
[Result "1-0"]
[WhiteElo "2675"]
[BlackElo "2343"]
[PlyCount "101"]
[EventDate "2023.08.18"]
[EventType "swiss"]
[EventRounds "10"]
[EventCountry "ESP"]
[SourceTitle "CBM 215 Extra"]
[Source "ChessBase"]
[SourceDate "2023.09.30"]
[SourceVersion "1"]
[SourceVersionDate "2023.09.30"]
[SourceQuality "1"]

1. e4 e5 2. Nf3 Nf6 3. Nxe5 Nxe4 4. d4 d5 5. Nd2 Nxd2 6. Bxd2 Nd7 7. Bd3 Nxe5 8. dxe5 Be6 9. 0-0 Qd7 10. b4 Be7 11. c3 Bf5 12. Qc2 Bxd3 13. Qxd3 0-0 14. Rfe1 c6 15. Be3 a5 16. a3 axb4 17. cxb4 Ra4 18. Bd4 Rfa8 19. h3 R8a6 20. Kh1 Qc8 21. Bb2 b6 22. f4 c5 23. f5 d4 24. f6 Bf8 25. fxg7 Bxg7 26. Re4 Qe6 27. Rf1 Qg6 28. Rf3 Rxa3 29. Bxa3 Rxa3 30. Qe2 Rxf3 31. Qxf3 Qc6 32. bxc5 bxc5 33. Rxd4 Qe8 34. Rd5 Bxe5 35. Rxc5 Qa4 36. Rd5 Kg7 37. Qe2 f6 38. Rd1 Qf4 39. g3 Qf5 40. Kg2 Qe6 41. Qe4 Qa2+ 42. Kh1 Kh6 43. Rd7 Qa1+ 44. Kg2 Qb2+ 45. Kf3 Qa3+ 46. Rd3 Qa1 47. Kg4 Qa6 48. h4 Qc8+ 49. Qf5 Qa8 50. Qh5+ Kg7 51. Rd7+ 1-0

[Event "Washington op 10th"]
[Site "Rockville"]
[Date "2023.08.15"]
[Round "7"]
[White "Girsh, Daniel"]
[Black "Jacobson, Aaron"]
[Result "1/2-1/2"]
[WhiteElo "2200"]
[BlackElo "2343"]
[PlyCount "74"]
[EventDate "2023.08.12"]
[EventType "swiss"]
[EventRounds "9"]
[EventCountry "USA"]
[SourceTitle "CBM 215 Extra"]
[Source "ChessBase"]
[SourceDate "2023.09.30"]
[SourceVersion "1"]
[SourceVersionDate "2023.09.30"]
[SourceQuality "1"]

1. d4 Nf6 2. c4 e6 3. Nf3 d5 4. g3 dxc4 5. Bg2 a6 6. 0-0 b5 7. Ne5 Nd5 8. e4 Nf6 9. Bg5 Bb7 10. d5 Be7 11. dxe6 fxe6 12. Qe2 0-0 13. Rd1 Qe8 14. Nd2 Nbd7 15. Bf4 Rd8 16. Nxd7 Rxd7 17. Nf3 Bxe4 18. Ng5 Bd5 19. Bh3 Bd6 20. Be5 Re7 21. Re1 h6 22. Bxd6 cxd6 23. Nxe6 Nd7 24. f4 Nc5 25. f5 Nxe6 26. fxe6 Rf6 27. Rac1 Bxe6 28. Qe4 Kf7 29. Bg2 Kf8 30. Rf1 Bf7 31. Qh7 Ree6 32. Bd5 Rxf1+ 33. Rxf1 Rf6 34. Rxf6 gxf6 35. Qxh6+ Ke7 36. Qe3+ Kf8 37. Qh6+ Ke7 1/2-1/2

[Event "Washington op 10th"]
[Site "Rockville"]
[Date "2023.08.14"]
[Round "5"]
[White "Antipov, Mikhail Al"]
[Black "Jacobson, Aaron"]
[Result "1-0"]
[WhiteElo "2601"]
[BlackElo "2343"]
[PlyCount "69"]
[EventDate "2023.08.12"]
[EventType "swiss"]
[EventRounds "9"]
[EventCountry "USA"]
[SourceTitle "CBM 215 Extra"]
[Source "ChessBase"]
[SourceDate "2023.09.30"]
[SourceVersion "1"]
[SourceVersionDate "2023.09.30"]
[SourceQuality "1"]

1. e4 e6 2. d4 d5 3. Nd2 c5 4. Ngf3 cxd4 5. exd5 Qxd5 6. Bc4 Qd7 7. 0-0 Nc6 8. Nb3 Nf6 9. Nbxd4 Nxd4 10. Qxd4 Qxd4 11. Nxd4 Bd7 12. Bf4 Rc8 13. Be2 Bc5 14. Nb3 Bb6 15. c4 0-0 16. a4 e5 17. Bd2 a6 18. Rfd1 Be6 19. a5 Ba7 20. Ra4 Bd7 21. Rb4 Bc6 22. Be3 Bxe3 23. fxe3 Ne4 24. Bf3 f5 25. Rb6 g5 26. h3 Rc7 27. Nc1 h5 28. Nd3 g4 29. Bxe4 Bxe4 30. Nxe5 Kg7 31. Rg6+ Kh7 32. Rg5 Re8 33. Nd7 Kh6 34. h4 Rd8 35. Rd6+ 1-0

[Event "Washington op 10th"]
[Site "Rockville"]
[Date "2023.08.13"]
[Round "4"]
[White "Jacobson, Aaron"]
[Black "Brodsky, David"]
[Result "1/2-1/2"]
[WhiteElo "2343"]
[BlackElo "2493"]
[PlyCount "52"]
[EventDate "2023.08.12"]
[EventType "swiss"]
[EventRounds "9"]
[EventCountry "USA"]
[SourceTitle "CBM 215 Extra"]
[Source "ChessBase"]
[SourceDate "2023.09.30"]
[SourceVersion "1"]
[SourceVersionDate "2023.09.30"]
[SourceQuality "1"]

1. d4 Nf6 2. c4 e6 3. Nf3 d5 4. Nc3 c6 5. e3 Nbd7 6. Qc2 b6 7. cxd5 cxd5 8. Nb5 Bb4+ 9. Bd2 Bxd2+ 10. Nxd2 0-0 11. Be2 a6 12. Nc3 Bb7 13. 0-0 Qe7 14. Qb3 b5 15. a4 b4 16. Na2 a5 17. Rfc1 Rfc8 18. Bb5 Ne4 19. Qd3 Nxd2 20. Qxd2 Nb6 21. b3 e5 22. dxe5 Qxe5 23. Qd4 Qxd4 24. exd4 Kf8 25. Rxc8+ Rxc8 26. Rc1 Ke7 1/2-1/2

[Event "Fort Lauderdale 1000 GM GM 08"]
[Site "Fort Lauderdale"]
[Date "2023.08.06"]
[Round "8"]
[White "Jacobson, Aaron"]
[Black "Luo, Terry"]
[Result "1-0"]
[WhiteElo "2343"]
[BlackElo "2351"]
[PlyCount "123"]
[EventDate "2023.08.02"]
[EventType "tourn"]
[EventRounds "9"]
[EventCountry "USA"]
[EventCategory "6"]
[SourceTitle "CBM 215 Extra"]
[Source "ChessBase"]
[SourceDate "2023.09.30"]
[SourceVersion "1"]
[SourceVersionDate "2023.09.30"]
[SourceQuality "1"]

1. d4 d5 2. c4 e6 3. Nc3 Nf6 4. Bg5 Be7 5. e3 h6 6. Bf4 0-0 7. Nf3 a6 8. g4 c5 9. dxc5 Nbd7 10. cxd5 Nxd5 11. Nxd5 exd5 12. Qxd5 Nxc5 13. Qxd8 Rxd8 14. h3 Be6 15. Be2 Nd3+ 16. Bxd3 Rxd3 17. 0-0 Bf6 18. Be5 Bxe5 19. Nxe5 Rd2 20. b3 h5 21. Rfd1 Rad8 22. Rxd2 Rxd2 23. Nf3 Rd6 24. gxh5 Bxh3 25. Rc1 Bg4 26. Nd4 Bxh5 27. Rc8+ Kh7 28. Rc7 Rb6 29. f4 g5 30. Rc5 f6 31. fxg5 fxg5 32. Rxg5 Bg6 33. Kf2 Kg7 34. Rc5 Be4 35. Kg3 Kf6 36. Kf4 Bb1 37. a3 Ke7 38. Ke5 Kd7 39. Rd5+ Kc7 40. Ne6+ Kb8 41. b4 Ba2 42. Rd8+ Ka7 43. Nc5 a5 44. Rd4 Rc6 45. e4 axb4 46. axb4 b6 47. Nd3 Ka6 48. Kf5 Kb5 49. e5 Bc4 50. Nb2 Bb3 51. Nd3 Bc4 52. Nf4 Kxb4 53. e6 Kc3 54. e7 Rc5+ 55. Kf6 Bb5 56. Rd8 Kc4 57. Nd3 Rc6+ 58. Kf5 Rc7 59. Ne5+ Kb4 60. Ke6 Rc1 61. Rd5 Be8 62. Nd3+ 1-0

[Event "Fort Lauderdale 1000 GM GM 08"]
[Site "Fort Lauderdale"]
[Date "2023.08.02"]
[Round "1"]
[White "Jacobson, Aaron"]
[Black "Schmakel, Sam A"]
[Result "0-1"]
[WhiteElo "2343"]
[BlackElo "2455"]
[PlyCount "114"]
[EventDate "2023.08.02"]
[EventType "tourn"]
[EventRounds "9"]
[EventCountry "USA"]
[EventCategory "6"]
[SourceTitle "CBM 215 Extra"]
[Source "ChessBase"]
[SourceDate "2023.09.30"]
[SourceVersion "1"]
[SourceVersionDate "2023.09.30"]
[SourceQuality "1"]

1. d4 Nf6 2. c4 e6 3. Nf3 d5 4. Nc3 c6 5. Bg5 h6 6. Bxf6 Qxf6 7. Qb3 Qe7 8. e4 dxe4 9. Nxe4 Qb4+ 10. Qxb4 Bxb4+ 11. Kd1 Be7 12. Bd3 b6 13. Kc2 Nd7 14. a3 Bb7 15. b4 c5 16. dxc5 bxc5 17. b5 f5 18. Nc3 g6 19. Rhe1 Kf7 20. Rad1 Rad8 21. Bf1 Bf6 22. Rd6 Rhe8 23. a4 e5 24. Nd5 Bxd5 25. Rxd5 e4 26. Nd2 Bd4 27. f3 e3 28. Nb3 Nb6 29. Rxd8 Rxd8 30. a5 Na4 31. Nxd4 cxd4 32. Kb3 Nc5+ 33. Kb4 Ne6 34. b6 axb6 35. axb6 d3 36. Rxe3 d2 37. Be2 d1Q 38. Bxd1 Rxd1 39. Rb3 Nd8 40. c5 Nc6+ 41. Ka3 Ra1+ 42. Kb2 Ra5 43. Rc3 Ke6 44. g4 Kd5 45. gxf5 gxf5 46. Kc2 Rxc5 47. Rxc5+ Kxc5 48. b7 Kb6 49. Kd3 Kxb7 50. Ke3 Kb6 51. Kf4 Nd4 52. Ke5 Kc5 53. h4 h5 54. Kf6 Kd5 55. Kg5 Ke5 56. f4+ Ke4 57. Kxh5 Nf3 0-1

[Event "Philadelphia op 16th"]
[Site "Philadelphia"]
[Date "2023.06.24"]
[Round "2"]
[White "Khamrakulov, Djurabek"]
[Black "Jacobson, Aaron"]
[Result "1-0"]
[WhiteElo "2490"]
[BlackElo "2301"]
[PlyCount "109"]
[EventDate "2023.06.24"]
[EventType "swiss"]
[EventRounds "9"]
[EventCountry "USA"]
[SourceTitle "CBM 215 Extra"]
[Source "ChessBase"]
[SourceDate "2023.09.30"]
[SourceVersion "1"]
[SourceVersionDate "2023.09.30"]
[SourceQuality "1"]

1. e4 e6 2. d4 d5 3. Nd2 c5 4. exd5 Qxd5 5. dxc5 Bxc5 6. Ngf3 Nf6 7. Bc4 Qc6 8. Qe2 0-0 9. a3 a6 10. b4 Bd6 11. 0-0 b6 12. Bd3 Bb7 13. Nc4 Be7 14. Nce5 Qc7 15. Bf4 Nh5 16. Bd2 Nf6 17. Rfe1 Nbd7 18. Rad1 a5 19. Nxd7 Nxd7 20. Nd4 Nf6 21. bxa5 bxa5 22. Rb1 Bxa3 23. Bg5 Be7 24. Nxe6 fxe6 25. Qxe6+ Rf7 26. Bc4 Raf8 27. Rxb7 Qxb7 28. Qxe7 Qc6 29. Qe6 Qxe6 30. Bxe6 Ra8 31. Bf4 Ra6 32. Kf1 a4 33. Ba2 Kf8 34. Bxf7 Kxf7 35. Ra1 Rc6 36. Ra2 Rc4 37. Bd2 Ne4 38. Ke2 Ke6 39. f3 Nxd2 40. Kxd2 Kd5 41. c3 g5 42. Kd3 g4 43. Rb2 Rf4 44. Rb5+ Kc6 45. Rb4 Rxb4 46. cxb4 Kb5 47. Kc3 a3 48. fxg4 a2 49. Kb2 Kxb4 50. g5 Kc5 51. h4 Kd5 52. Kxa2 Ke4 53. Kb3 Kf5 54. Kc4 Kg4 55. g3 1-0

[Event "Las Vegas National op"]
[Site "Las Vegas"]
[Date "2023.06.18"]
[Round "8"]
[White "Jacobson, Aaron"]
[Black "Willow, Jonah B"]
[Result "0-1"]
[WhiteElo "2301"]
[BlackElo "2447"]
[PlyCount "84"]
[EventDate "2023.06.14"]
[EventType "swiss"]
[EventRounds "9"]
[EventCountry "USA"]
[SourceTitle "CBM 214 Extra"]
[Source "ChessBase"]
[SourceDate "2023.07.31"]
[SourceVersion "1"]
[SourceVersionDate "2023.07.31"]
[SourceQuality "1"]

1. d4 Nf6 2. c4 e6 3. Nf3 d5 4. Nc3 dxc4 5. e4 Bb4 6. Bxc4 Nxe4 7. 0-0 Nxc3 8. bxc3 Bd6 9. Re1 0-0 10. Ne5 Nc6 11. Qh5 Ne7 12. Bf4 Ng6 13. Bg3 Bd7 14. Rad1 Ba4 15. Rb1 Bxe5 16. dxe5 Qd2 17. Qf3 Bc6 18. Qg4 Rad8 19. Rbc1 Bd5 20. Bf1 Qxa2 21. Bd3 Bc6 22. Bxg6 hxg6 23. Re3 Rd2 24. Bh4 Qd5 25. Rce1 Rd3 26. Re4 Qxe4 27. Rxe4 Bxe4 28. h3 Bc6 29. Qc4 Rd5 30. Qf4 a5 31. c4 Rd1+ 32. Kh2 a4 33. Qe3 Ra8 34. Be7 Rb1 35. Ba3 Rb3 36. Qc1 Rd8 37. Qg5 Rd7 38. Qc1 Rdd3 39. Be7 a3 40. Qg5 Rd7 41. Bf6 a2 42. Bxg7 Kxg7 0-1

[Event "Las Vegas 1000 GM op"]
[Site "Las Vegas"]
[Date "2023.06.12"]
[Round "9"]
[White "Jacobson, Aaron"]
[Black "Stopa, Jacek"]
[Result "1/2-1/2"]
[WhiteElo "2301"]
[BlackElo "2382"]
[PlyCount "121"]
[EventDate "2023.06.08"]
[EventType "swiss"]
[EventRounds "9"]
[EventCountry "USA"]
[SourceTitle "CBM 214 Extra"]
[Source "ChessBase"]
[SourceDate "2023.07.31"]
[SourceVersion "1"]
[SourceVersionDate "2023.07.31"]
[SourceQuality "1"]

1. e4 e5 2. Nf3 Nf6 3. d4 Nxe4 4. Bd3 d5 5. Nxe5 Nf6 6. 0-0 Be7 7. Bg5 0-0 8. Nd2 Nbd7 9. Ndf3 Ne4 10. Bxe7 Qxe7 11. Re1 Ndf6 12. Nd2 Qb4 13. Nb3 c6 14. a3 Qb6 15. c4 Qc7 16. c5 Re8 17. Qc2 h6 18. Re2 Be6 19. Rae1 Rad8 20. f3 Ng5 21. Nd2 Bc8 22. b4 Ne6 23. Nb3 Nf4 24. Re3 Re7 25. Ng4 Rde8 26. Nxf6+ gxf6 27. Qd2 Rxe3 28. Rxe3 Rxe3 29. Qxe3 Nxd3 30. Qxd3 Qf4 31. g3 Qg5 32. Kf2 Kg7 33. h4 Qh5 34. Nc1 Bf5 35. Qe3 Qg6 36. Ne2 Bb1 37. Qd2 Qf5 38. g4 Qd7 39. Ng3 Bg6 40. Qe3 b6 41. Qd2 bxc5 42. bxc5 Qc8 43. Kg2 Qa6 44. Qe3 Qc4 45. Ne2 Qc2 46. Kg3 Qd1 47. Nf4 a5 48. Kh2 Qc2+ 49. Kg3 Qd1 50. Nh3 a4 51. Nf4 Qb1 52. Kf2 Qb2+ 53. Kg3 Qb1 54. Nh3 Qb3 55. Kf4 Qb2 56. Kg3 Qb3 57. Kf2 Qb2+ 58. Kg1 Qb3 59. Kf2 Qb2+ 60. Kg3 Qb3 61. Kf4 1/2-1/2

[Event "Las Vegas 1000 GM op"]
[Site "Las Vegas"]
[Date "2023.06.12"]
[Round "8"]
[White "Leiva Rodriguez, Jeammarco Giuseppe"]
[Black "Jacobson, Aaron"]
[Result "1/2-1/2"]
[WhiteElo "2405"]
[BlackElo "2301"]
[PlyCount "95"]
[EventDate "2023.06.08"]
[EventType "swiss"]
[EventRounds "9"]
[EventCountry "USA"]
[SourceTitle "CBM 214 Extra"]
[Source "ChessBase"]
[SourceDate "2023.07.31"]
[SourceVersion "1"]
[SourceVersionDate "2023.07.31"]
[SourceQuality "1"]

1. Nf3 d5 2. b3 Nf6 3. Bb2 e6 4. g3 Be7 5. Bg2 0-0 6. 0-0 b6 7. e3 Bb7 8. c4 c5 9. Nc3 Qc8 10. Qe2 Rd8 11. d3 Nc6 12. Rad1 d4 13. exd4 Nxd4 14. Nxd4 Bxg2 15. Kxg2 cxd4 16. Ne4 Qb7 17. f4 b5 18. Rfe1 bxc4 19. dxc4 Bb4 20. Qf3 Nxe4 21. Rxe4 Bc3 22. Re2 Qb4 23. Rd3 a5 24. Bxc3 dxc3 25. Rxc3 a4 26. c5 axb3 27. axb3 Rac8 28. Rc4 Qb5 29. c6 Rc7 30. Rec2 g6 31. Rc5 Qb4 32. Qe3 Qb6 33. R2c3 Rd6 34. Qe4 Rd2+ 35. Kh3 Qa6 36. Qc4 Qc8 37. Qe4 Qf8 38. f5 exf5 39. Qf4 Re2 40. Rc2 Qe7 41. Qxc7 Qe4 42. Qd8+ Kg7 43. Rxe2 Qg4+ 44. Kg2 Qxe2+ 45. Kh3 Qg4+ 46. Kg2 Qe2+ 47. Kh3 Qg4+ 48. Kg2 1/2-1/2

[Event "Las Vegas 1000 GM op"]
[Site "Las Vegas"]
[Date "2023.06.11"]
[Round "7"]
[White "Jacobson, Aaron"]
[Black "Stearman, Josiah P"]
[Result "0-1"]
[WhiteElo "2301"]
[BlackElo "2421"]
[PlyCount "90"]
[EventDate "2023.06.08"]
[EventType "swiss"]
[EventRounds "9"]
[EventCountry "USA"]
[SourceTitle "CBM 214 Extra"]
[Source "ChessBase"]
[SourceDate "2023.07.31"]
[SourceVersion "1"]
[SourceVersionDate "2023.07.31"]
[SourceQuality "1"]

1. d4 Nf6 2. c4 e6 3. Nf3 d5 4. Nc3 c6 5. Bg5 h6 6. Bh4 Be7 7. e3 Nbd7 8. Qc2 b6 9. cxd5 exd5 10. Bd3 Bb7 11. 0-0 0-0 12. a3 c5 13. Bf5 g6 14. Bh3 g5 15. Bxd7 Qxd7 16. Bg3 Nh5 17. dxc5 bxc5 18. Rad1 Nxg3 19. hxg3 Qe6 20. Qb3 Rab8 21. Qa2 Rfd8 22. Rd2 g4 23. Nh2 Qc6 24. e4 d4 25. Nd5 Qe6 26. Nxe7+ Qxe7 27. Re1 Qg5 28. Nf1 Ba6 29. Red1 c4 30. Rxd4 Rxd4 31. Rxd4 Qc1 32. Rd6 Rxb2 33. Qxb2 Qxb2 34. Rxa6 c3 35. Ne3 c2 36. Nxc2 Qc1+ 37. Kh2 Qxc2 38. Rxa7 Qxf2 39. Ra5 Qe3 40. Rf5 Qxe4 41. Rf4 Qe6 42. a4 h5 43. Rd4 Qe5 44. Rf4 f5 45. a5 h4 0-1

[Event "Las Vegas 1000 GM op"]
[Site "Las Vegas"]
[Date "2023.06.08"]
[Round "1"]
[White "Dorn, Paris"]
[Black "Jacobson, Aaron"]
[Result "0-1"]
[WhiteElo "1908"]
[BlackElo "2301"]
[PlyCount "62"]
[EventDate "2023.06.08"]
[EventType "swiss"]
[EventRounds "9"]
[EventCountry "USA"]
[SourceTitle "CBM 214 Extra"]
[Source "ChessBase"]
[SourceDate "2023.07.31"]
[SourceVersion "1"]
[SourceVersionDate "2023.07.31"]
[SourceQuality "1"]

1. d4 Nf6 2. c4 e6 3. Nc3 Bb4 4. f3 c5 5. d5 b5 6. e4 d6 7. Bd2 Bxc3 8. Bxc3 b4 9. Bd2 0-0 10. Ne2 exd5 11. cxd5 Nh5 12. Be3 f5 13. exf5 Rxf5 14. Qb3 Re5 15. Kf2 a5 16. h4 a4 17. Qc2 Qf6 18. Rd1 a3 19. bxa3 Rxa3 20. Bc1 Ra7 21. Bb2 Bf5 22. Qc4 Nd7 23. Rd2 Qf7 24. Bxe5 Nxe5 25. Qb5 Ra8 26. Kg1 Bb1 27. a4 Qa7 28. Kh2 Rb8 29. Nd4 Rxb5 30. Nxb5 Qe7 31. Rd1 Bc2 0-1

[Event "Sunway Formentera op 2nd"]
[Site "Sant Ferran de ses Roques"]
[Date "2023.04.26"]
[Round "8"]
[White "Rahal, Michael"]
[Black "Jacobson, Aaron"]
[Result "0-1"]
[WhiteElo "2319"]
[BlackElo "2280"]
[PlyCount "42"]
[EventDate "2023.04.18"]
[EventType "swiss"]
[EventRounds "10"]
[EventCountry "ESP"]
[SourceTitle "CBM 213 Extra"]
[Source "ChessBase"]
[SourceDate "2023.05.31"]
[SourceVersion "1"]
[SourceVersionDate "2023.05.31"]
[SourceQuality "1"]

1. e4 c5 2. Nf3 d6 3. Bb5+ Bd7 4. Bxd7+ Nxd7 5. 0-0 Ngf6 6. Qe2 e6 7. Rd1 Be7 8. d4 cxd4 9. Nxd4 a6 10. c4 Qc7 11. b3 0-0 12. Bb2 Rfe8 13. Nc3 d5 14. cxd5 exd5 15. Nf5 dxe4 16. Rac1 Qa5 17. Nd5 Nxd5 18. Qg4 g6 19. Nh6+ Kf8 20. Qxd7 Nf4 21. Ng4 Rad8 0-1

[Event "Sunway Formentera op 2nd"]
[Site "Sant Ferran de ses Roques"]
[Date "2023.04.24"]
[Round "6"]
[White "Arnott, Jonathan"]
[Black "Jacobson, Aaron"]
[Result "0-1"]
[WhiteElo "2080"]
[BlackElo "2280"]
[PlyCount "106"]
[EventDate "2023.04.18"]
[EventType "swiss"]
[EventRounds "10"]
[EventCountry "ESP"]
[SourceTitle "CBM 213 Extra"]
[Source "ChessBase"]
[SourceDate "2023.05.31"]
[SourceVersion "1"]
[SourceVersionDate "2023.05.31"]
[SourceQuality "1"]

1. e4 e5 2. Nf3 Nc6 3. Bb5 g6 4. c3 a6 5. Bxc6 dxc6 6. d4 exd4 7. cxd4 Bg7 8. Nc3 Ne7 9. h3 h6 10. Bf4 g5 11. Be5 Bxe5 12. Nxe5 Be6 13. Qd2 Qd6 14. Nf3 0-0-0 15. 0-0-0 Ng6 16. Ne1 f5 17. f3 Rhf8 18. Nc2 Rf7 19. e5 Qf8 20. Qf2 Kb8 21. g3 f4 22. g4 Rh7 23. b3 Bd5 24. Qe2 Qf7 25. Nb4 h5 26. Ne4 Bxe4 27. Qxe4 Ne7 28. h4 hxg4 29. hxg5 Rxh1 30. Rxh1 gxf3 31. Nd3 Qf5 32. Qxf5 Nxf5 33. Rf1 Nxd4 34. Nxf4 Rf8 35. Nd3 Rg8 36. Kd2 Rxg5 37. Ke3 Rg4 38. Nf4 c5 39. e6 Rh4 40. Ng6 Rh7 41. Nf8 Re7 42. Nd7+ Ka7 43. Nxc5 Nxe6 44. Nxe6 Rxe6+ 45. Kd3 Rf6 46. Rf2 Kb6 47. Kd4 Rf8 48. a3 c5+ 49. Kd5 Kb5 50. Kd6 c4 51. bxc4+ Kxc4 52. Kc7 Rf7+ 53. Kb6 Kd3 0-1

[Event "Sunway Formentera op 2nd"]
[Site "Sant Ferran de ses Roques"]
[Date "2023.04.22"]
[Round "5"]
[White "Jacobson, Aaron"]
[Black "Maisuradze, Nino"]
[Result "0-1"]
[WhiteElo "2280"]
[BlackElo "2270"]
[PlyCount "88"]
[EventDate "2023.04.18"]
[EventType "swiss"]
[EventRounds "10"]
[EventCountry "ESP"]
[SourceTitle "CBM 213 Extra"]
[Source "ChessBase"]
[SourceDate "2023.05.31"]
[SourceVersion "1"]
[SourceVersionDate "2023.05.31"]
[SourceQuality "1"]

1. e4 c5 2. Nf3 Nc6 3. d4 cxd4 4. Nxd4 e5 5. Nb5 d6 6. N1c3 a6 7. Na3 b5 8. Nd5 Nge7 9. Bd3 Nxd5 10. exd5 Ne7 11. c4 g6 12. cxb5 Bg7 13. 0-0 0-0 14. bxa6 f5 15. Qe2 f4 16. f3 Nf5 17. Nc2 Ng3 18. hxg3 fxg3 19. Be3 Qh4 20. Rfe1 e4 21. Bxe4 Bxa6 22. Bd3 Bxd3 23. Qxd3 Rxf3 24. gxf3 Qh2+ 25. Kf1 g2+ 26. Ke2 g1Q+ 27. Kd1 Qgg2 28. Rf1 Qe5 29. Rf2 Qh3 30. Nb4 Qh1+ 31. Rf1 Qg2 32. Nc2 Qxb2 33. Rf2 Qh1+ 34. Rf1 Qh3 35. Kd2 Rc8 36. Rac1 Bh6 37. Rfe1 Bg7 38. Rf1 Qxa2 39. Rf2 Qh5 40. Rd1 Qaxd5 41. Qxd5+ Qxd5+ 42. Ke1 Qb3 43. Rxd6 Qb1+ 44. Rd1 Bc3+ 0-1